| 000 | 01105nam a2200229 a 4500 | ||
|---|---|---|---|
| 005 | 20180803165349.0 | ||
| 008 | 140128b2004 ck ||||| |||| 00| 0 spa d | ||
| 040 | _cCO-BoIH | ||
| 041 | _aspa | ||
| 044 | _ack | ||
| 090 |
_aIAVH _b00911 |
||
| 100 |
_aMurillo Sencial, Xatlí _92551 |
||
| 245 | _aIdentificación multicriterio de oportunidades de conservación de biodiversidad, ventana Barbas-Bremen, municipio de Filandia, departamento de Quindío | ||
| 260 |
_aArmenia _bInstituto Alexander von Humboldt _c2004 |
||
| 300 | _a25 p. | ||
| 520 | _aContiene el reslultado de las actividades realizadas previamente para el establecimiento de Herramientas de Manejo del Paisaje - HMP- en distintos escenarios prediales identificados, con actores relevante para el proceso (tomadores de decisiones) dada su relación, directa o indirecta con los bienes y servicios ambientales del municipio de Filandia. | ||
| 650 |
_aHerramientas de manejo del paisaje _992489 |
||
| 650 |
_aBienes y servicios ambientales _94349 |
||
| 662 |
_aColombia _dFilandia _bQuindío |
||
| 942 |
_cINFORME _2z |
||
| 945 | _d2008-07-04 | ||
| 999 |
_c6367 _d6367 |
||